Polskie skoki narciarskie według zdjęcia #1 - Statystyki

Ogólne statystyki
  • Ten quiz został rozwiązany 2 694 razy
    15 od ostatniego zresetowania
  • Średni wynik to 10 z 16
Statystyki odpowiedzi
Obrazkowy Hint Odpowiedź % Poprawnych
Skocznia narciarska Wielka Krokiew
100%
Skoczek narciarski Kamil Stoch
93%
Sponsor skoków narciarskich w Polsce Orlen
93%
Skoczek narciarski Aleksander Zniszczoł
87%
Skoczek narciarski Dawid Kubacki
80%
Program transmitujący skoki w Polsce Eurosport
80%
Skoczek narciarski Jan Ziobro
73%
Skoczek narciarski Jakub Wolny
67%
Zjawisko społeczne Małyszomania
67%
Pomnik z czekolady Pomnik {Adama Małysza}
67%
Skoczek narciarski Stanisław Marusarz
53%
Dawny trener polskiej kadry Heinz Kuttin
40%
Wydarzenie Red Bull Skoki w Punkt
40%
Serwis informacyjny skokinarciarskie.pl
20%
Kompleks skoczni narciarskich Zakucie Zagórz
20%
Skocznia narciarska Krucza Skała w Lubawce
13%
Nie znaleziono quizów pasujących do podanych kryteriów
Rozkład punktacji
Procent ludzi z każdym wynikiem
Percentyl według liczby udzielonych odpowiedzi
Twoja historia wyników
Nie rozwiązałeś tego quizu od ostatniego zresetowania